Los objetos distinguidos. La arqueología como excusa

Na minha lista:
Detalhes bibliográficos
Autor principal: Lull, Vicente (autor)
Formato: Livro
Idioma:espanhol
Publicado em: Barcelona Belaterra 2007
coleção:General Universitaria, 68
Assuntos:
Tags: Adicionar Tag
Sem tags, seja o primeiro a adicionar uma tag!

MARC

LEADER 00000nam a2200000 a 4500
001 UCI5557
003 CL-VaPUC
008 080404e20070000SP |||||||||||||||||spa|d
020 |a 9788472903661 
082 0 4 |a 930.1  |b LUL  |2 21 
100 |a Lull, Vicente  |e autor  |9 528204 
245 1 4 |a Los objetos distinguidos. La arqueología como excusa 
300 |a 384 p 
942 |c BK 
945 |d 20080404 00:00:00  |a rbrito 
260 |a Barcelona  |b Belaterra  |c 2007 
650 0 |a Arqueología   |9 265619 
583 |a last modification  |c 20080404 00:00:00  |k Rodrigo Vera 
490 0 |a General Universitaria, 68 
999 |c 329297  |d 329295 
952 |0 0  |1 0  |4 0  |6 930_100000000000000_LUL_2007  |7 0  |8 A  |9 413680  |a BIBHIS  |b BIBHIS  |d 2019-11-22  |i 4424107  |o 930.1 LUL 2007  |p 4424107  |r 2023-01-25  |w 2019-11-22  |y BK  |k HIS